LEADER 01355nam2 2200301 i 450 001 VAN0000009 005 20230921124631.939 010 $a88-14-08197-2 100 $a20020426d2000 |0itac50 ba 101 $aita 102 $aIT 105 $a|||| ||||| 200 1 $aˆ1: ‰Repubblica Federale Tedesca, Francia, Gran Bretagna, Spagna, Austria$fGiuseppe A. Rescio, Federico Tassinari 210 $aMilano$cGiuffrè$d2000 215 $aVII, 121 p.$d23 cm 461 1$1001VAN0000010$12001 $aˆLa ‰pubblicità commerciale nei paesi dell'Unione europea$fGiuseppe A. Rescio, Federico Tassinari$1210 $aMilano$cGiuffrè$1215 $avolumi$d23 cm$v1 620 $dMilano$3VANL000284 676 $a346.4066$v21 700 1$aRescio$bGiuseppe A.$3VANV000014$0541601 701 1$aTassinari$bFederico$3VANV011132$0232629 712 $aGiuffrè $3VANV109181$4650 790 1$aRescio, Giuseppe Alberto$zRescio, Giuseppe A.$3VANV076248 801 $aIT$bSOL$c20230922$gRICA 899 $aBIBLIOTECA DEL DIPARTIMENTO DI GIURISPRUDENZA$1IT-CE0105$2VAN00 912 $aVAN0000009 950 $aBIBLIOTECA DEL DIPARTIMENTO DI GIURISPRUDENZA$d00CONS X.Ed.45 1 $e00 17366 20020426 996 $aRepubblica Federale Tedesca, Francia, Gran Bretagna, Spagna, Austria$91407349 997 $aUNICAMPANIA LEADER 01535nam a22003491i 4500 001 991000129869707536 005 20250409190910.0 008 020913s1991 it er 001 0 ita 020 $a8842037699 035 $ab11963487-39ule_inst 035 $aARCHE-005328$9ExL 040 $aDip.to Filologia Ling. e Lett.$bita$cA.t.i. Arché s.c.r.l. Pandora Sicilia s.r.l.$dSocioculturale Scs 081 04$a945.091 082 04$a303.380945 082 04$a320.53$223 100 1 $aColarizi, Simona$0133907 245 12$aL'opinione degli italiani sotto il regime, 1929-1943 /$cSimona Colarizi 260 $aRoma [ecc.] :$bLaterza,$c1991 300 $a418 p. ;$c21 cm 490 1 $aStoria e società 650 4$aFascismo$xPropaganda 650 4$aOpinione pubblica$xItalia$y1929-1943 650 4$aItaliani$xAtteggiamento [verso il] fascismo$y1929-1943 830 0$aStoria e società 907 $a.b11963487$b28-04-17$c01-04-03 912 $a991000129869707536 945 $aLE008 FL.M. VIII G 39$g1$iLE008N-5911$lle008$o-$pE0.00$q-$rl$s-$t0$u0$v0$w0$x0$y.i12241301$z01-04-03 945 $aLE023 303.38 COL 1 1$g1$i2023000029374$lle023$o-$pE0.00$q-$rl$s-$t0$u6$v0$w6$x0$y.i11003121$z28-06-02 945 $aLE023 303.38 (Sala Fonti e documenti)$g1$i2009000366695$lle023$nLE009 STOR.65-427 (vecchia collocazione)$o-$pE0.00$q-$rl$s-$t0$u5$v4$w5$x0$y.i12577820$z07-10-03 996 $aOpinione degli italiani sotto il regime, 1929-1943$994354 997 $aUNISALENTO 998 $ale008$ale023$ale009$b01-04-03$cm$da$e-$fita$git$h2$i3